京张高铁、京张铁路所有客运车站 Beijing-Zhangjiakou Railway stations - Statistics

General Stats
  • This quiz has been taken 98 times
  • The average score is 15 of 17
Answer Stats
线路 县市区 车站 % Correct
京张高铁 海淀区 清河
100%
京张高铁 西城区 北京北
100%
支线2 延庆区 延庆
99%
京张高铁 桥东区 张家口
98%
京张高铁 昌平区 昌平
98%
京张铁路 桥东区 张家口
98%
京张铁路 昌平区 昌平
98%
京张高铁 怀来县 怀来
95%
京张铁路 宣化区 宣化
95%
京张高铁 下花园区 下花园北
93%
支线1 崇礼区 崇礼
92%
京张高铁 延庆区 八达岭长城
85%
京张高铁 宣化区 宣化北
82%
支线1 崇礼区 太子城
71%
京张铁路 怀来县 沙城
71%
京张高铁 昌平区 沙河
66%
京张高铁 怀来县 东花园北
62%
No matching quizzes found
Score Distribution
Percent of People with Each Score
Percentile by Number Answered
Your Score History
You have not taken this quiz